| 000 | 01102nam a2200265 a 4500 | ||
|---|---|---|---|
| 001 | 12492 | ||
| 003 | BD-JhCC | ||
| 005 | 20230828084814.0 | ||
| 008 | 220312b2021 bg |||| ||a| 000 0 ben d | ||
| 020 | _a9789849492955 | ||
| 035 | _a(BD-JhCC)12492 | ||
| 040 |
_aBD-JhCC _dBD-JhCC |
||
| 041 | _aBengali | ||
| 082 |
_a297.63 _bDAM 2021 |
||
| 100 | _aদামলা, নূরদান | ||
| 245 |
_aসারাবছর, প্রতিদিন নবীজীর গল্প / _cনূরদান দামলা, অনু: হামদুল্লাহ লাবীব, সম্পা: মাওলানা সৈয়দ আবদুল্লাহিল কাইয়ুম। |
||
| 260 |
_aঢাকা : _bমাকতাবাতুল ফুরকান; _c২০২১. |
||
| 300 |
_a424 p. : _c22 cm. |
||
| 600 | _aMuhammad, Prophet | ||
| 650 | _aMuslims | ||
| 700 | _a লাবীব, হামদুল্লাহ | ||
| 700 | _aকাইয়ুম,মাওলানা সৈয়দ আবদুল্লাহিল | ||
| 942 |
_2ddc _cBK _02 |
||
| 999 |
_c12492 _d12492 |
||